000 00532ntaaa2200193 4500
003 01
005 20251027201453.0
008 0714s1973 ag 01
040 _aAR-BaBN
_bspa
_cAR-BaBN
_eaacr
_dRIC
082 _a226.5000 M13
100 _aMcClymont, J. A.
_913294
245 _aSt. John
250 _a1 ed. :
_bT. C. y E. C. Jack,
_cn.f.
300 _a352 p.
500 _a(Century Bible, W. F. Adeney, ed.) Nota: hay otro ejemplar en R 220.7 Ad3
650 _aBiblia-Nuevo Testamento-Juan
650 _aJuan
_94395
942 _cBK
999 _c9255
_d9255